| 000 | 00394nam a2200133Ia 4500 | ||
|---|---|---|---|
| 008 | 170221s9999 xx 000 0 und d | ||
| 100 | _aBajram, Narela | ||
| 245 | _aASSET-LIABILITY MANAGEMENT MODELS IN DECISION MAKING | ||
| 245 | _cNarela Bajram, Mehmet Can | ||
| 260 | _c2015 | ||
| 300 | _a4 : 2 | ||
| 650 | _xBusiness | ||
| 856 | _uhttp://escijournals.net/index.php/JBF/article/view/31/134 | ||
| 999 |
_c313142 _d313142 |
||